Alphabet General Knowledge - Statistics

General Stats
  • This quiz has been taken 54 times
  • The average score is 19 of 26
Answer Stats
Picture Answer % Correct
Apple
100%
Hair
100%
Gold
98%
China
95%
Ellen DeGeneres
89%
Money
89%
Best Buy
84%
JetPunk
84%
Fish Fingers
82%
Inside Out 2
77%
Queen Elizabeth
77%
Nintendo Switch
75%
Sky
73%
Triangle
70%
Democratic Party
66%
Leprechaun
66%
Port
66%
Roblox
66%
X
66%
Up
64%
Van
64%
Witch
61%
Kernel
59%
Yellow
57%
Olive Green
50%
Zombie
48%
No matching quizzes found
Score Distribution
Percent of People with Each Score
Percentile by Number Answered
Your Score History
You have not taken this quiz